| 000 | 00994nam a2200205 a 4500 | ||
|---|---|---|---|
| 001 | BRCA_1054 | ||
| 005 | 20190320203247.0 | ||
| 008 | 140408s2006----it-o---###---#000-0#ita-# | ||
| 020 | _a8469001167 | ||
| 050 | 4 |
_aN8080.J8 _b.A78 2006 |
|
| 245 | 1 | 0 | _aArte e Cultura nell´ Ordine Ospedaliero di San Giovanni di Dio [Arte y cultura de la Orden Hospitalaria de San Juan de Dios]. |
| 260 |
_aRoma _bCuria Generalizia Ordine Ospedaliero di San Giovanni di Dio _c2006 |
||
| 300 |
_a455 p. _bil. (algunas a color), fotografías _c29 cm. |
||
| 546 | _aTexto en : italiano, inglés, español, portugués, alemán, francés y ruso | ||
| 611 | 2 | 4 |
_aEncuentro sobre Patrimonio Artístico y Cultural de la Orden de San Juan de Dios _d1999 _cRoma _93475 |
| 650 | 1 | 4 |
_aOrden Hospitalaria de San Juan de Dios _xArte cristiano _93476 |
| 650 | 1 | 4 |
_aOrdenes religiosas hospitalarias _xHistoria _93477 |
| 650 | 1 | 4 |
_aSan Juan de Dios _xEn la pintura, escultura, arquitectura, literatura, orfebrería _93478 |
| 942 |
_2lcc _cB |
||
| 999 |
_c933 _d933 |
||